Catálogo

THE PSYCHOLOGY OF COLLEGE SUCCESS : (Registro nro. 4132)

Detalles MARC
000 -LEADER
fixed length control field 00487nam a2200157 a 4500
001 - CONTROL NUMBER
control field 4132
005 - DATE AND TIME OF LATEST TRANSACTION
control field 20180713184025.0
008 - FIXED-LENGTH DATA ELEMENTS--GENERAL INFORMATION
fixed length control field 140415s1980 000 0 spa d
041 ## - LANGUAGE CODE
Language code of text/sound track or separate title spa
082 ## - DEWEY DECIMAL CLASSIFICATION NUMBER
Classification number 378.194
Item number LIN
100 1# - MAIN ENTRY--PERSONAL NAME
Personal name LINDGREN, HENRY CIAY
245 14 - TITLE STATEMENT
Title THE PSYCHOLOGY OF COLLEGE SUCCESS :
Remainder of title A DYNAMIC APPROACH
260 ## - PUBLICATION, DISTRIBUTION, ETC.
Place of publication, distribution, etc. [s.l.] :
Name of publisher, distributor, etc. ROBERT E. KRIEGER PUBLISHING COMPANY,
Date of publication, distribution, etc. 1980
300 ## - PHYSICAL DESCRIPTION
Extent 141
650 14 - SUBJECT ADDED ENTRY--TOPICAL TERM
Topical term or geographic name entry element ORIENTACION ESTUDIANTIL
General subdivision ORIENTACION PROFESIONAL
Existencias
Withdrawn status Lost status Source of classification or shelving scheme Damaged status Not for loan Collection code Home library Current library Shelving location Date acquired Source of acquisition Inventory number Total Checkouts Full call number Barcode Date last seen Date last checked out Price effective from Koha item type
    Dewey Decimal Classification     General Biblioteca Karol Wojtyla Biblioteca Karol Wojtyla Sala general 03/12/2013 Compra 151000000000000000045319 1 378.194 LIN 15579 05/01/2026 14/02/2020 03/12/2013 Libro